Statystyki dla Kartkówka z wiedzy ogólnej. #3

Kliknij tutaj aby rozwiązać quiz!

Ogólne statystyki

  • Ten quiz został rozwiązany 18 razy
  • Średni wynik to 5 z 10

Statystyki odpowiedzi

PytanieOdpowiedź% Poprawnych
Góra Kościuszki (2228 m npm. ) jest najwyższym szczytem jakiego kraju?Australia
94%
Ile tytułów mistrza olimpijskiego wywalczył Adam Małysz?0
88%
Jaką witaminę dostarczymy organizmowi w sposób naturalny dzięki promieniom słonecznym, opalaniu?D
82%
Władysław III zginął w 1444 r. Był jedynym królem polskim, który poległ w bitwie. Jaki ma przydomek?Warneńczyk
65%
Kto zagrał prof. Religę w filmie "Bogowie" (2014 r.)?Tomasz Kot
59%
Ssak kuguar jest bardziej znany jako:Puma
47%
Józef Zapędzki i Renata Mauer to polscy mistrzowie olimpijscy w jakiej dyscyplinie sportu?Strzelectwo
35%
Było dwóch królów w polskiej historii, którzy dwukrotnie zasiadali na polskim tronie. Wymień jednego z nich.August II Mocny / Stanisław Leszczyński
18%
Kto napisał baśń dla dzieci "O krasnoludkach i o sierotce Marysi"?Maria Konopnicka
18%
Jak się nazywa najwyższa góra (szczyt, 2291 m npm.) położona w CAŁOŚCI na terenie Polski?Kozi Wierch
12%

Rozkład punktacji

Percentyl według liczby udzielonych odpowiedzi

Procent ludzi z każdym wynikiem

Twoja historia wyników

Nie rozwiązałeś tego quizu